Estadísticas para Top 10 Países por Poder Solar

Haz click aquí para intentar la prueba.

Estadísticas generales

  • Esta prueba ha sido intentada 1.766 veces
  • La puntuación promedio es 8 de 10

Estadísticas de respuestas

GWAumento en 2015País% Correcto
25.62+ 39.8%Estados Unidos
96%
5.40+ 1.0%España
93%
43.53+ 53.4%China
91%
6.58+ 15.4%Francia
89%
18.92+ 1.6%Italia
86%
39.70+ 3.8%Alemania
85%
34.41+ 47.0%Japón
78%
5.07+ 22.6%Australia
70%
8.78+ 66.6%Reino Unido
69%
5.05+ 65.6%India
68%

Distribución de puntuación

Porcentaje por número respondido

Porcentaje de gente con cada puntuación

Historial de tus puntuaciones

No has intentado esta prueba.